| 000 -LEADER |
| fixed length control field |
00383nam a22001457a 4500 |
| 008 - FIXED-LENGTH DATA ELEMENTS--GENERAL INFORMATION |
| fixed length control field |
200806b ||||| |||| 00| 0 eng d |
| 082 00 - DEWEY DECIMAL CLASSIFICATION NUMBER |
| Classification number |
621.433 |
| Item number |
C8771 |
| 100 ## - MAIN ENTRY--PERSONAL NAME |
| 9 (RLIN) |
3583 |
| Personal name |
Cox, H. R. |
| 245 10 - TITLE STATEMENT |
| Title |
Gas turbine principles and practice |
| 260 ## - PUBLICATION, DISTRIBUTION, ETC. (IMPRINT) |
| Place of publication, distribution, etc |
London |
| Name of publisher, distributor, etc |
George Newnes Limited |
| Date of publication, distribution, etc |
1955 |
| 300 ## - PHYSICAL DESCRIPTION |
| Extent |
120 p. |
| 365 ## - TRADE PRICE |
| Unit of pricing |
58.50 |
| 650 #0 - SUBJECT ADDED ENTRY--TOPICAL TERM |
| Topical term or geographic name as entry element |
Gas Turbines |
| 942 ## - ADDED ENTRY ELEMENTS (KOHA) |
| Item type |
Books |